000 00458pab a2200157 454500
008 180718b1997 xxu||||| |||| 00| 0 eng d
100 _aHill, Edward W.
245 _aCity suburban income disparities and metropolitan area employment: can tightening labour markets reduce the gaps?
260 _c1997
300 _ap.558-82
362 _aMar
650 _aLabour market
700 _aWolman, Harold L.
773 _aUrban Affairs Review
909 _a34201
999 _c34201
_d34201